[Event "Turnier 40 / 120"]
[Site "DESKTOP-NL3KVDB"]
[Date "2023.05.18"]
[Round "38"]
[White "Mephisto Phönix TM Vancouver - 36 MHZ"]
[Black "Millenium Chess Genius Pro - 120 MHZ"]
[Result "0-1"]
[BlackElo "2284"]
[WhiteElo "2287"]

{Analyse ------> Komodo 14.1.} 1. c4 Nf6 2. Nc3 e5 3. Nf3 Nc6 4. e3 Bb4 5.
Qc2 Bxc3 6. Qxc3 Qe7 7. a3 d5 {Buchende} 8. d4 {Buchende} e4 {Buchbewertung
MCGP: 0,00} 9. Nd2 {Buchbewertung TM Vancouver: +0,45 / lt. Komodo steht
Weiss um eine Nuance besser mit ca. +0,30} Bf5 10. cxd5 Nxd5 11. Qb3? {ein
schwacher Zug, deutlich besser ist Dc5, nach dem Textzug steht bereits
Schwarz etwas besser mit ca. +0,40} O-O-O 12. Bb5 Qd6 13. Qc4? {besser ist
Da4 oder 0-0, nach dem Textzug steht Schwarz bereits klar besser, Komodo
-1,00} Nce7? {verpasst klaren Vorteil nach dem Textzug ist die Stellung
wieder im Lot, nötig war Sf4} 14. Qc2? {ein ganz schlechter Zug, danach ist
Schwarz wieder klar im Vorteil, Komodo -1,20, nötig war Dc5 mit Ausgleich}
Qb6? {verspielt gleich wieder den gesamten Vorteil, nötig war Dg6, Komodo
0,00} 15. Bc4? {wieder wird Dc5 verschmäht, Komodo -0,70} Qg6 16. O-O???
{ein absoluter Verlustzug, danach ist die Partie bereits verloren, es
gewinnt, Lh3, Dxe4, f5, Df3, Lg4, Dg3, f4, Komodo -1,50} h5? {ein schwacher
Zug, der den Vorteil von Schwarz etwa halbiert, Komodo +0,70} 17. Kh1?
{klar schwächer als Te1, Komodo -1,00} h4 18. b4 h3? {das ist nicht die
richtige Idee und verspielt nahezu den gesamten Vorteil, richtig wäre Dh7
mit dem Plan den G-Bauern in Marsch zu bringen, Komodo +0,50, nach Dh7 wäre
Schwarz bereits klar im Vorteil mit ca. 1,30} 19. g3 Bg4 {verspielt den
letzten Rest des Vorteiles, danach ist die Stellung im Lot, besser ist Kb8}
20. Bb2 f5 21. Rfc1? {ein ganz schlechter Zug, danach ist Schwarz wieder
klar im Vorteil, Komodo -1,00, nötig war Te1 mit Ausgleich} Qh5? {diese
Stellung überfordert beide Geräte nach dem Textzug ist die Stellung wieder
im Lot, klaren Vorteil versprach f4, aber man muss schon sagen die nötige
Rechentiefe um hier einen Vorteil zu sehen ist für einen Oldie einfach
unerreichbar} 22. Bxd5? {ein Verlustzug, danach ist die Partie bereits
verloren, nötig war Te1 mit Ausgleich, Komodo -1,70} Nxd5 23. b5 {das war
es dann endgültig, mehr Widerstand leistet noch Sc4, Komodo -3,50} f4!
{richtig Komodo +4,00} 24. exf4 {die beiden Geräte haben aber noch keine
Ahnung von der klaren Verluststellung von Weiss, TM Vancouver: +0,87 ??? /
Komodo -9,00 !!!} Bf5??? {MCGP: -0,60 sieht sich noch knapp im Nachteil,
ein grottenschlechter Zug, der ganze 7 Bauerneinheiten einstellt, dennoch
steht Schwarz klar auf Gewinn, Komodo +2,50, sofort gewonnen hätte The8}
25. Qc4??? {ein Katastrophenzug der ganze 5 Bauerneinheiten !! einstellt,
danach ist wieder alles vorbei, Komodo -7,50, nötig war Dd1} g5??? {die
Stellung ist einfach undurchschaubar für beide Geräte, MCGP: -0,53 ?? / der
Textzug ist weit schwächer als e3 was sofort gewinnt, allerdings ist die
Einschätzung von MCGP auch nach dem Textzug völlig daneben, denn auch
dieser reicht für den klaren Gewinn, Komodo +4,00} 26. fxg5 {TM Vancouer:
+0,45 ? / Komodo -4,50} Qxg5 27. Nf1 {beide Geräte sehen hier eine
Remisvariante und bewerten die Stellung mit genau 0,00, in Wahrheit leistet
hier noch De2 etwas mehr Widerstand mit ca. -5,00 aber natürlich ist auch
das hoffnungslos verloren, nach dem Textzug sieht Komodo Schwarz bereits
mit +8,00 im Vorteil} Qg4??? {ein Katastrophenzug, der ganze 7
Bauerneinheiten !!! einbüsst, Komodo nur noch +1,00 für Schwarz, sofort
gewonnen hätte e3} 28. Nd2??? {einfach ahnungslos, verliert wieder sofort,
Komodo -8,00, nötig war Se3} Qg5 {weit schwächer als e3, reicht aber leicht
zum Gewinn, Komodo +5,00} 29. Qe2??? {einfach unfassbar, TM Vancouver
verzichtet auf das Remisangebot seines Gegners durch Stellungswiederholung
und sieht hier noch minimalen Vorteil mit +0,03, eine fatale
Fehleinschätzung Komodo -6,00, natürlich verliert auch Sf1 und ist noch
schlechter da dann e3 mit -8,00 zu sehen ist, aber für die beiden Geräte
wäre ja Sf1 Stellungswiederholung und somit 0,00, einfach absurd was hier
geboten wird.} Bg4! {richtig aber auch MCGP sieht keinerlei Vorteil:
Bewertung -0,01 / Komodo +6,20} 30. Qe1 Rhe8 31. Rab1 e3 32. fxe3 Nxe3
{Rest geschenkt} 0-1
[/pgn]
[pgn]

[Event "Turnier 40 / 120"]
[Site "DESKTOP-NL3KVDB"]
[Date "2023.05.18"]
[Round "39"]
[White "Millenium Chess Genius Pro - 120 MHZ"]
[Black "Mephisto Phönix TM Vancouver - 36 MHZ"]
[Result "1-0"]
[BlackElo "2287"]
[WhiteElo "2284"]

{Analyse ------> Komodo 14.1.} 1. e4 c6 2. c4 d5 3. cxd5 cxd5 4. exd5 Qxd5
5. Nc3 Qd6 6. d4 Nf6 7. Nf3 e6 8. Bd3 {Buchende} Be7 {Buchende} 9. O-O
{Buchbewertung MCGP: +0,46} Nc6 {Buchbewertung TM Vancouver: +0,09 / lt.
Komodo steht Weiss etwas besser mit ca. +0,50} 10. a3 {MCGP wieder im Buch}
O-O 11. Be3 b6 12. Qe2 Bb7 13. Rad1 Rac8 14. Rfe1 {Buchende} Rfd8 15. Bg5
Nd5??? {ein absoluter Verlustzug, danach ist die Partie sofort verloren,
Komodo -4,00} 16. Nb5??? {so allerdings nicht, ein Katastrophenzug, der den
gesamten Vorteil verspielt, gewonnen hätte Sxd5, Dxd5, Le4, Dd7, d5, danach
hätte Schwarz bereits eine ganze Figur verloren} Qb8 17. Qe4 g6 18. Qh4
a6??? {der nächste Verlustzug, danach ist die Partie bereits wieder
verloren, nötig war La6 mit geringem Vorteil für Weiss, Komodo -2,00} 19.
Nc3 Bxg5??? {was TM Vancouver hier leistet ist einfach nur noch
LETZTKLASSIG, nach dem Textzug ist alles aus, Komodo -5,00, deutlich mehr
Widerstand leistet noch Sxc3 mit ca. -2,00} 20. Nxg5 h5 21. Nxd5 {Komodo
+7,00} exd5??? {es ist schon egal, aber auch das ist nochmal ein
Katastrophenzug, der nochmals ganze 8 Bauerneinheiten !! einstellt, Komodo
-15,00} 22. Nxf7 Kxf7 23. Bxg6+ 1-0
[/pgn]
[pgn]

[Event "Turnier 40 / 120"]
[Site "DESKTOP-NL3KVDB"]
[Date "2023.05.19"]
[Round "40"]
[White "Mephisto Phönix TM Vancouver - 36 MHZ"]
[Black "Millenium Chess Genius Pro - 120 MHZ"]
[Result "1-0"]
[BlackElo "2278"]
[WhiteElo "2291"]

{Analyse -----> Komodo 14.1.} 1. b3 d5 2. Bb2 Bg4 3. h3 Bh5 {Buchende} 4.
c4 {Buchende} Nf6 {Buchbewertung MCGP: +0,20} 5. cxd5 {Buchbewertung TM
Vancouver: -0,06 / lt. Komodo ist die Stellung etwa gleich} Nxd5 6. Nc3 Nc6
7. g4 Nxc3 8. Bxc3 Qd5 9. Nf3 Bg6 10. Bg2 Rd8 11. d3 e5 12. Nh4 Qe6 13.
Nxg6 hxg6 14. Bb2 Nb4 15. a3 Nd5 16. Qc1 Bd6 17. Qc4 c6 18. e3 Qe7 19. Ke2
Nb6 20. Qc2 a6 21. Rhc1 {weniger gut, besser ist b4} Rd7 22. Qc3 {auch
nicht optimal, da gibt es jede Menge deutlich bessere Züge, z.B. a4, b4,
Th1, nach dem Textzug steht Schwarz besser, Komodo -0,80} Nd5 {besser ist
0-0 oder f5, Komodo +0,40} 23. Qc4 {besser ist Lxd5, Komodo -0,80} Nb6 24.
Qc2 Nd5 25. b4 Qh4 {besser ist 0-0, Komodo +0,50} 26. Qc4 {die beiden
Geräte sehen es anders und sehen Weiss mit ca. +0,40 im Vorteil} Nb6 27.
Qe4?? {ein ganz schlechter Zug, danach steht Schwarz bereits klar besser,
Komodo -1,20, Db3 hätte annähernden Ausgleich gebracht mit nur minimalem
Vorteil für Schwarz mit ca. -0,20} Re7? {ein ganz schwacher Zug, der den
gesamten Vorteil verspielt, danach ist die Stellung wieder im Lot, nötig
war 0-0 mit klarem Vorteil} 28. Kf1?? {ein völlig unverständlicher Zug, was
bitte soll das bringen ?, danach steht Schwarz wieder klar besser, Komodo
-1,00, nötig war d4 mit Ausgleich} Re6? {ebenfalls ganz schwach, danach ist
die Stellung wieder im Lot, klaren Vorteil hätte Dg5 mit der Idee f5
gebracht} 29. Rc2 {besser ist a4 mit Ausgleich, Komodo -0,50} Na4? {nicht
optimal, bringt erstmals in dieser Partie Weiss etwas in Vorteil, Komodo
-0,50, übersieht die Fortsetzung Txc6, MCGP rechtnet mit Lc1} 30. Rxc6!
bxc6 31. Qxc6+ Ke7 32. Qxa4 Rf6 33. Qc2 Rc8 34. Qe2 Kf8 35. d4 {besser ist
Tc1, Komodo +0,40} Re8? {ein schwacher Zug, danach steht Weiss klar besser,
Komodo -1,00, deutlich besser ist Te6} 36. d5! Rc8 37. Rd1? {ein schwacher
Zug, deutlich besser ist Tc1, Komodo +0,70} Bb8 38. Kg1 Rb6 39. Rd2 Bd6 40.
Rc2 Rcb8? {klar schwächer als Txc2, Komodo -1,60} 41. Rc6 Qd8 42. Bf1???
{ein grottenschlechter Zug, der nahezu den gesamten Vorteil verspielt,
nötig war natürlich Lc3, der Läufer muss natürlich weg von der B-Linie um
den Vorstoss a5 zu verhindern, danach ist ein Sieg in weiter Ferne, Komodo
+0,40, MCGP hätte den richtigen Zug vorgeschlagen} Kg8??? {ein Verlustzug,
danach ist die Partie praktisch schon verloren, Komodo -2,00, MCGP verwirft
im allerletzten Augenblick den Rettungsanker a5, danach wäre die Stellung
praktisch schon im Lot gewesen} 43. Qc2 Rxc6 44. dxc6 Rb6 45. Bg2 Bc7 46.
Be4 Qd6 47. Qc4 Kf8? {ein schlechter Zug, der die Lage zusätzlich
verschlechtert, Komodo -2,70, besser ist Tb8} 48. Kf1 Rb5 49. Ke2?
{deutlich schwächer als Lc3, Komodo +1,90} g5? {deutlich besser ist Ke7,
Komodo -2,50} 50. Bc3 Rb6?? {nochmals ganz schlecht, deutlich besser ist
noch g6 oder De6, nach dem Textzug ist alles aus, Komodo -4,00} 51. a4
Ke8?? {jetzt bricht MCGP schnell völlig zusammen, deutlich mehr Widerstand
leistet noch De6, Komodo -11,00 (stellt nochmals ganze 7 Bauerneinheiten !!
ein)} 52. b5 axb5 53. axb5 Kd8 {ein Katastrophenzug, weit besser ist noch
De6, Komodo -23,00 !!} 54. Qxf7??? {ebenfalls ein Katastrophenzug, aber
sogar das kann sich Weiss leisten, stellt ganze 12 Bauerneinheiten !!! ein,
Komodo +11,00, weit besser ist Lb4} Rxb5 55. Qxg7?? {nochmals ganz schwach,
stellt weitere ganze 4 Bauerneinheiten !! ein, weit besser ist Ld3, Komodo
+7,00, aber auch das gewinnt natürlich noch leicht} Qe7 56. Qg8+ Qe8 57.
Qxg5+ Kc8 58. Qf5+ Kb8 59. g5 Qh5+ 60. Ke1 Qe8 61. g6 {Komodo +17,00} Qe7
{MCGP: -8,15} 62. Qd7 {TM Vancouver: +3,96 / Komodo +20,00} Qc5 63. g7 {TM
Vancouver: +5,69} Qxc3+ 64. Kf1 {TM Vancouver: +7,18 / Komodo Matt in 20}
Qb3 65. Qe8+ Ka7 66. g8=Q {Rest geschenkt} 1-0
[/pgn]
[pgn]

[Event "Turnier 40 / 120"]
[Site "DESKTOP-NL3KVDB"]
[Date "2023.05.20"]
[Round "41"]
[White "Millenium Chess Genius Pro - 120 MHZ"]
[Black "Mephisto Phönix TM Vancouver - 36 MHZ"]
[Result "1-0"]
[BlackElo "2291"]
[WhiteElo "2278"]

{Analyse ----> Komodo 14.1.} 1. e4 c6 2. d4 d5 3. Nd2 dxe4 4. Nxe4 Bf5 5.
Nc5 Qc7 6. Bd3 Bxd3 7. Nxd3 {Buchende} Nd7 {Buchende} 8. Bf4 {Buchbewertung
MCGP: +0,51} Qa5+ {Buchbewertung TM Vancouver: -0,42 / lt. Komodo steht
Weiss besser mit ca. +0,70} 9. c3 Ngf6 10. Nf3 e6 11. Qb3 {besser ist 0-0,
Komodo +0,30} Qa6 12. O-O-O {nicht optimal, danach ist die Stellung im Lot,
besser ist Dc2} Be7 13. Rhe1 O-O 14. Nde5 Nxe5 15. Nxe5 Qb5 16. Qxb5 cxb5
17. Bg5 b4 18. c4 Rac8 19. Kb1 Rfd8 20. b3 h6 21. Bf4 Bd6 22. f3 b5 23.
cxb5 Rb8 24. g3 Nd5 25. Bd2 {nicht optimal, besser ist Sc6 mit Ausgleich,
nach dem Textzug ist Schwarz etwas im Vorteil, Komodo -0,50} Rxb5 26. Nc6
Rd7 27. Rc1 a5 28. Ne5 Rc7 {nicht optimal, klar vorzuziehen ist Lxe5, nach
dem Textzug ist die Stellung wieder im Lot} 29. Rc4 {besser ist Sc4, Komodo
-0,50} Nb6 {auch nicht optimal, danach ist die Stellung wieder im Lot,
besser ist Se7} 30. Rxc7 Bxc7 31. Kc2 Rd5 32. Nc6 Kh7 33. Ne5 Bxe5 34. Rxe5
Kg6? {ein schlechter Zug, danach ist Weiss klar im Vorteil, Komodo -1,00,
nötig war Sc8 mit Ausgleich} 35. g4? {ein schwacher Zug, der den nahezu den
gesamten Vorteil verspielt, klaren Vorteil hätte Txd5 gebracht, Komodo
+0,30} Kf6 {doch neuerlich wird der nötige Zug Sc8 verschmäht, nach dem
Textzug ist Weiss wieder klar im Vorteil, Komodo -1,00} 36. Rxd5 Nxd5???
{ein Verlustzug, danach ist die Partie bereits verloren, Komodo -1,60,
nötig war natürlich exd5, um das Feld c4 zu überdecken und ein Eindringen
des weissen Königs zu verhindern} 37. Kd3 Nb6 38. Bf4 Nd5 39. Bd6 Kg5 40.
Kc4 Ne3+? {spätestens danach ist alles aus, mehr Widerstand leistet noch
Kh4 mit ca. -2,00, Komodo -4,00} 41. Kb5 Nc2 42. Kxa5 Nxd4 {unglaublich TM
Vancouver sieht sich hier sogar noch knapp im Vorteil: Bewertung: +0,15 ???
/ Komodo -7,00} 43. Kxb4 {MCGP: +0,75} h5 44. a4 hxg4 45. fxg4 Kxg4 46. a5
{Rest geschenkt} 1-0
[/pgn]
[pgn]

[Event "Turnier 40 / 120"]
[Site "DESKTOP-NL3KVDB"]
[Date "2023.05.30"]
[Round "42"]
[White "Mephisto Phönix TM Vancouver - 36 MHZ"]
[Black "Millenium Chess Genius Pro - 120 MHZ"]
[Result "1-0"]
[BlackElo "2278"]
[WhiteElo "2291"]

{Analyse -----> Komodo 14.1.} 1. e4 c5 2. Nf3 d6 3. d4 {Buchende} Nf6 4.
Nc3 cxd4 5. Nxd4 e6 6. Bg5 {Buchzug / Buchende} h6 {Buchende} 7. Bb5+
{Buchbewertung TM Vancouver: +0,69} Bd7 {Buchbewertung MCGP: -0,32 / lt.
Komodo steht Weiss knapp besser mit ca. +0,30} 8. Bxf6 Qxf6 9. Bxd7+ Kxd7?
{ein schlechter Zug, der die Rochade verschenkt, danach steht Weiss bereits
klar besser, Komodo -1,00, besser ist natürlich Sxd7} 10. O-O Nc6 11. Nxc6
bxc6 12. Re1 {nicht ideal, danach ist Weiss nur noch knapp im Vorteil mit
ca. +0,30, deutlich besser ist De2} Rb8?? {ein Verlustzug, danach ist die
Partie praktisch schon verloren, Komodo -1,70, nötig war De5 um den
Vorstoss des weissen E-Bauern zu verhindern} 13. e5! Qf5?? {völlig falsch,
danach ist alles aus, Komodo -4,20, nötig war Dd8} 14. Qd4 d5 15. Qxa7+ Kc8
16. Na4 Rb7 17. Qa8+ Kc7 18. c4? {ganz schlecht, büsst ganze 4
Bauerneinheiten, sofort gewinnt Te3, Komodo +3,20} Qg5?? {deutlich mehr
Widerstand leistet Dxf2+, Komodo -7,00} 19. cxd5 exd5 20. Rac1 Qf4 21. Qa6
Kb8 22. Rxc6 Qd2 23. Rb1 {Komodo Matt in 8} Qd4 24. Rbc1 Be7 25. Nb6 {TM
Vancouver: Matt in 5} Qxb6 26. Rxb6 Rxb6 27. Qxb6+ Ka8 28. Rc7 Rh7 29. Rc8#
1-0
[/pgn]
[pgn]

[Event "Turnier 40 / 120"]
[Site "DESKTOP-NL3KVDB"]
[Date "2023.06.01"]
[Round "43"]
[White "Millenium Chess Genius Pro - 120 MHZ"]
[Black "Mephisto Phönix TM Vancouver - 36 MHZ"]
[Result "1/2-1/2"]
[BlackElo "2291"]
[WhiteElo "2278"]

{Analyse -----> Komodo 14.1.} 1. c4 e6 2. g3 Nf6 3. Bg2 d5 4. d4 c5 5. cxd5
Nxd5 {Buchende} 6. Nf3 cxd4 {Buchbewertung TM Vancouver: +0,09} 7. O-O
{Buchende} Bc5 8. Nxd4 {Buchbewertung MCGP: 0,21 / lt. Komodo steht Weiss
etwas besser mit ca. +0,40} O-O 9. e3 Na6 10. Nb3 Bb6 11. Bd2 Bd7 12. Nc3
Bc6 13. Nxd5 Bxd5 14. Bxd5 Qxd5 15. Ba5 Qb5 16. Bc3 Qf5 17. Qd7 Rab8 18.
Rfd1 Rfd8 19. Qe7 Re8 20. Qh4 e5 21. Qc4 Rbd8 22. Qb5 f6 23. Ba5 Nc7 24.
Qc4+ Qe6 25. Qxe6+ Nxe6 26. Bxb6 axb6 27. Rxd8 Rxd8 28. Rc1 Kf7 29. Kf1 Kg6
30. Ke2 f5 31. Rc4 b5 32. Rb4 Nc7 33. Nc5 b6 34. Nd3 e4 35. Ne5+ Kf6 36.
Nc6 Rd6 37. Nd4 Rd5 38. Rb3 Ke5 39. Ra3 Ne6 40. Nxe6 Kxe6 41. Ra8 Rc5 42.
Kd2 h5 43. Ra7 g6 44. Rb7 Rc6 45. a3 Kd5 46. Rd7+ Ke6 47. Rd8 Ke5 48. b3
Rd6+ 49. Rxd6 Kxd6 50. Kc3 Kc5 51. b4+ Kd5 52. Kb3 g5 53. h3 h4 54. gxh4
gxh4 55. Kc3 Ke5 56. Kc2 Kd5 57. Kb3 Kd6 58. Kb2 Kd5 59. Kc3 Ke5 60. Kd2
Kd5 61. Kd1 Kc4 62. Kc2 Kd5 63. Kd2 Kc4 64. Kc2 Kd5 {Stellungswiederholung}
1/2-1/2
[/pgn]
[pgn]

[Event "Turnier 40 / 120"]
[Site "Wien"]
[Date "2023.06.30"]
[Round "44"]
[White "Mephisto Phönix TM Vancouver - 36 MHZ"]
[Black "Millenium Chess Genius Pro - 120 MHZ"]
[Result "1/2-1/2"]
[BlackElo "2278"]
[WhiteElo "2291"]

{Analyse -----> Komodo 14.1.} 1. e4 c5 2. d4 {Buchende} cxd4 3. Qxd4
{Buchbewertung TM Vancouver: +0,12} Nc6 {Buchende} 4. Qd3 Nf6
{Buchbewertung MCGP: +0,20 / lt. Komodo ist die Stellung etwa gleich} 5.
Nc3 e6 6. Nf3 Qb6 7. Be2 Bc5 8. O-O Ng4 9. Nd1 O-O 10. c3 Qc7 11. Be3 Nxe3
12. Nxe3 Qf4 13. g3 Qf6 14. Ng4 Qd8 15. Rad1 f5? {ein schwacher Zug, danach
steht Weiss klar besser, Komodo -1,20, deutlich besser ist a5} 16. exf5
Rxf5 17. b4 Bb6 18. Ne3 Rf8 19. a3 a5 20. b5 Ne7 21. Nc4 d5 22. Nxb6 Qxb6
23. c4 Bd7 {besser ist Dc5, Komodo -1,70} 24. Ne5 {stärker war Sg5, Komodo
+1,30} Be8 25. cxd5 exd5 26. Qd4 Qxd4 27. Rxd4 Rc8 28. a4 Rf6 29. Re1 b6
30. f4 Kf8 31. Bf3 Rc5 32. Kg2 Rd6 33. Be4 Bg6 34. Nxg6+? {ganz schwach,
verspielt jeglichen Vorteil, Komodo 0,00, deutlich besser ist Lxg6} hxg6
35. Bb1 Nf5 36. Rd2 d4 37. Kf2 Rc4 38. Ra2? {schwach, danach steht Schwarz
bereits etwas besser, Komodo -0,50, nötig war Te5 mit Ausgleich} Rc3
{besser ist Se3, die Stellung ist wieder im Lot Komodo 0,00} 39. Rae2 {klar
schwächer als Tc2, Komodo -0,50} Ne3 40. h3 Rf6 41. h4 Rd6 42. Rd2 Ra3
{klar schwächer als Tc4, danach ist die Stellung wieder im Lot} 43. Ra2?
{so aber nicht, ein schlechter Zug, danach steht Schwarz wieder besser,
Komodo -0,70, nötig war Tc1} Ng4+ 44. Kg2 Rxa2+? {den aktiveren Turm sollte
Schwarz nicht tauschen, deutlich besser ist Tb3, Komodo +0,20} 45. Bxa2 Nf6
46. Rc1 Nd7 {besser ist d3, die Stellung ist im Lot} 47. Rc8+ Ke7 48. Bb3
d3 49. Bd1 Nf6 50. Kf3 Nd5 51. Kf2 Nb4 52. Rc7+ Kd8 53. Rxg7 d2 54. Rg8+
Ke7 55. Ke2 Kf6 56. Rf8+ Kg7? {nicht ideal, deutlich besser ist Ke6, Komodo
-1,00} 57. Rb8? {ein schwacher Zug, der Turm sollte nach c8, Komodo +0,50}
Kf6 {besser ist Sd3, Komodo -0,90} 58. g4 Ke7 59. f5 gxf5 60. g5! {ein
starker Zug, MCGP hatte gxf5 erwartet, danach wäre das Remis bereits
besiegelt, nach dem Textzug ist Weiss im Vorteil, Komodo +1,00} Kd7 61.
g6??? {also das ist einfach nur letzklassig, verschenkt den Sieg, gewonnen
hätte sowohl Tb7+ als auch h5, danach hätte Schwarz schon die Segel
streichen können, nach dem Textzug ist die Partie Remis die beiden
verbundenen Freibauern hier abzugeben ist unter JEDER erdenklichen Kritik,
das verdient keinen Sieg.} Rxg6 62. Kxd2 Rg2+ 63. Ke3 Nd5+ 64. Kd3 Rh2 65.
h5 Kd6 66. Rd8+ Ke5 67. Re8+ Kf6 68. Rf8+ Kg5 69. Rg8+ Kf4 70. Rb8 Nb4+ 71.
Kc4 Rh1 72. Rd8 Ke5 73. Re8+ Kf6 74. Rd8 Ke6 75. Be2 Rh2 76. Bd1 Ke7 77.
Rd4 Nc2 78. Rd3 Rh4+ 79. Kc3 Nb4 80. Rd4 Rh3+ 81. Kc4 Ke6 82. Rd8 Rh4+ 83.
Rd4 Rh1 84. Rd8 Ke7 85. Rd2 Rh4+ 86. Rd4 Rh2 87. Bf3 Ke6 88. Rd8 Rh4+ 89.
Rd4 Rh3 90. Bd1 Ke5 91. Rd8 Rh4+ 92. Kb3 Nd5 93. Re8+ Kf4 94. Re6 Rh3+ 95.
Kb2 Rh2+ 96. Kc1 Nc3 97. Rxb6 Na2+ 98. Kb1 Nc3+ 99. Kc1 Na2+ 100. Kb1 Nc3+
101. Kc1 {Stellungswiederholung} 1/2-1/2
[/pgn]
[pgn]

[Event "Turnier 40 / 120"]
[Site "Wien"]
[Date "2023.07.05"]
[Round "45"]
[White "Millenium Chess Genius Pro - 120 MHZ"]
[Black "Mephisto Phönix TM Vancouver - 36 MHZ"]
[Result "1/2-1/2"]
[BlackElo "2291"]
[WhiteElo "2278"]

{Analyse ----> Komodo 14.1.} 1. e4 c6 2. d4 d5 3. e5 Bf5 4. Nf3 e6 5. Be2
Ne7 6. O-O {Buchende} Bg4 {Buchende} 7. c3 {Buchbewertung MCGP: +0,56} Bxf3
{Buchbewertung TM Vancouver: -0,24 / lt. Komodo steht Weiss besser mit ca.
+0,70} 8. Bxf3 c5 9. Qa4+ {weniger gut, Komodo +0,20, deutlich besser ist
dxc5} Nbc6 10. Rd1 Ng6 11. Be3 Be7 {auch nicht ideal besser ist Sh4, Komodo
-0,60} 12. Qb3 {das bringt nichts für Weiss, danach ist die Stellung im
Lot, deutlich besser ist c4} a6 13. Nd2 O-O 14. Rac1 Na5 15. Qc2 Rc8 16.
Qd3 Qc7 17. Qb1 cxd4 18. cxd4 Qb6 19. Be2 f5 {nicht ideal, besser ist Txc1}
20. Nf3 {auch nicht ideal, besser ist Txc8, Komodo 0,00} f4?? {ein ganz
schlechter Zug, danach steht Weiss klar besser, Komodo -1,30, nach Sc4 wäre
die Stellung im Lot gewesen} 21. Rxc8 Rxc8 22. Bc1 Nc6 23. b3 a5 24. Bb2
Nb4 25. a3 Nc6 26. Bd3 {besser ist Dd3, Komodo +0,70} Kh8??? {ein
Verlustzug, Komodo -2,80, nötig war Dxb3 und Weiss steht nur knapp besser.}
27. Bxg6 hxg6 28. Qc2??? {ein Katastrophenzug, der den gesamten Vorteil
verspielt, danach ist die Stellung plötzlich wieder im Lot, Komodo 0,00,
warum nicht Dxg6 ?, danach könnte Schwarz bereits die Segel streichen, TM
Vancouver hätte den richtigen Zug vorgeschlagen} Na7 29. Qd3 Qb5 30. Qxb5
Nxb5 31. Rc1 Rxc1+ 32. Bxc1 Nc3 {besser ist Sxa3, Komodo -0,60} 33. Kf1
{Ld2 ist vorzuziehen, die Stellung ist im Lot} g5 34. h3 Kh7 35. Bd2 Ne4??
{ein Verlustzug dort hat der Springer in Zukunft kein Feld mehr, obwohl er
hier Zentral steht verliert dieser Zug die Partie, Komodo -1,50, nötig war
Sb1 und alles ist im Lot} 36. Bxa5 Bxa3 37. Ng1?? {ein ganz schwacher Zug,
der den Grossteil des Vorteiles wieder verspielt, Komodo +0,50, nötig war
Ke2} Bc1 38. Be1 {verspielt den restlichen Vorteil danach ist alles im Lot,
Komodo 0,00, nötig war Ke1} Bd2 39. Ne2 Bxe1 40. Kxe1 Kh6 41. b4 Kg6 42. b5
b6 43. f3 Ng3 44. Nxg3 fxg3 {damit ist das Remis besiegelt} 1/2-1/2
[/pgn]
[pgn]